000 00894cam a22002531 4500
001 he 67002210
003 DLC
005 20260227111451.0
008 870722s1967 is b 000 0 hebr
010 _ahe 67002210
035 _a(OCoLC)16265115
040 _aDLC
_cCoDU
_dCoDU
_dDLC
042 _apremarc
050 0 0 _aBS1140.2
_b.S363 1967
100 1 _aSegal, M. H.
_q(Moses Hirsch),
_d1876-1968.
245 1 0 _aMevo ha-Miḳra,
_cme-et M.Ts. Segal.
250 _a[Mahad. 4.]
260 _aYerushalayim,
_bḲiryat sefer
_c[1967]
300 _a4 v. in 2 (1041 p.)
_c23 cm.
500 _a"Hadpasah sheviʻit."
504 _aBibliography: v. 4, p. [1019]-1032; bibliographical footnotes.
505 0 _aSefer 1. Petiḥah kelalit. Torah. Neviʼim rishonim.--Sefer 2. Neviʼim aḥaronim.--Sefer 3. Ketuvim.--Sefer 4. Toldot ha-Miḳra.
630 0 0 _aBible.
_pOld Testament
_vIntroductions.
999 _c32743
_d32743